Wicked. For good / Universal Pictures presents ; ... Read More
Available copies
- 3 of 5 copies available at LARL/NWRL Consortium.
- 1 of 1 copy available at Northwest Regional Library. (Show preferred library)
Current holds
0 current holds with 5 total copies.
Show Only Available Copies
| Location | Call Number / Copy Notes | Barcode | Shelving Location | Status | Due Date |
|---|---|---|---|---|---|
| Red Lake Falls Public Library | DVD WIC (Text) | 35500006396921 | New | Available | - |
| Cormorant LINK Site | DVD WIC (Text) | 33500014325039 | Main | Available | - |
| Detroit Lakes Public Library | DVD WIC (Text) | 33500014325021 | Main | Checked out | 07/07/2026 |
| Moorhead Public Library | DVD WIC (Text) | 33500014325047 | Main | Available | - |
| Moorhead Public Library | DVD WIC (Text) | 33500014325054 | Main | Checked out | 07/09/2026 |
Record details
- Physical Description: 1 videodisc (137 min.) : sound, color ; 4 3/4 in.
- Publisher: Universal City, CA : Universal Studios, [2026]
- Copyright: ©2026
Content descriptions
| General Note: | "Based on the musical stage play with music and lyrics by Stephen Schwartz and book by Winnie ... Read More The second of a two-part film adaptation of the stage musical. Originally released as a motion picture in 2025. Wide screen (2.39:1). Bonus features: deleted scenes; The True Wizard; Kiamo Ko; feature commentary with director Jon M. ... Read More |
| Creation/Production Credits Note: | Director of photography, Alice Brooks ; production ... Read More |
| Participant or Performer Note: | Ariana Grande-Butera, Cynthia Erivo, Jonathan ... Read More |
| Summary, etc.: | "Elphaba and Glinda are now estranged, each living ... Read More |
| Target Audience Note: | MPA rating: PG; for action/violence, some ... Read More |
| System Details Note: | DVD; NTSC, region 1; wide screen (2.39:1); Dolby ... Read More |
| Language Note: | English or Spanish dialogue; Spanish subtitles; ... Read More |
| Source of Description Note: | Title from container; credits from end credit ... Read More |
Search for related items by subject
| Subject: | Thropp, Elphaba (Fictitious character) > Drama. Wicked Witch of the West (Fictitious character) > Drama. Oz (Imaginary place) > Drama. Magic > Drama. Witches > Drama. Friendship > Drama. |
| Genre: | Musical films. Fantasy films. Film adaptations. Feature films. Fiction films. Video recordings for the hearing impaired. Video recordings for people with visual disabilities. |
| LDR | 07783cgm a2201357 i 4500 | ||
|---|---|---|---|
| 001 | 477999 | ||
| 003 | LARL_NWRL_CONSORTIUM | ||
| 005 | 20260121163035.0 | ||
| 008 | 251124p20262025cau137 g vleng d | ||
| 007 | vd cvaizk | ||
| 040 | . | ‡aTEFMT ‡beng ‡erda ‡cTEFMT ‡dTEF ‡dOCLCO ‡dTEFMT ‡dIKG ‡dJCX ‡dGO6 ‡dJO6 ‡dINO ‡dCQC ‡dJBU | |
| 024 | 1 | . | ‡a191329276204 |
| 028 | 4 | 2. | ‡a1000844403 ‡bUniversal Studios |
| 028 | 4 | 2. | ‡a3000099891 ‡bUniversal Studios ‡q(container) |
| 028 | 4 | 2. | ‡a1310587 ‡bUniversal Studios ‡q(disc) |
| 028 | 4 | 2. | ‡a2000188705 ‡bUniversal Studios ‡q(disc) |
| 035 | . | ‡a(OCoLC)1553681489 | |
| 037 | . | ‡bMidwest Tape ‡nhttp://www.midwesttapes.com | |
| 041 | 1 | . | ‡aeng ‡aspa ‡jspa ‡peng ‡qeng ‡heng |
| 046 | . | ‡k2025 ‡2edtf | |
| 082 | 0 | 4. | ‡a791.43/72 ‡223/eng/20251201 |
| 245 | 0 | 0. | ‡aWicked. ‡pFor good / ‡cUniversal Pictures presents ; directed by Jon M. Chu ; screenplay by Winnie Holzman and Winnie Holzman & Dana Fox ; produced by Marc Platt, David Stone ; a Marc Platt production ; a John M. Chu film. |
| 246 | 3 | . | ‡aFor good |
| 246 | 3 | . | ‡aWicked. ‡pPart II |
| 246 | 3 | . | ‡aWicked. ‡p2 |
| 257 | . | ‡aUnited States ‡2naf | |
| 264 | 1. | ‡aUniversal City, CA : ‡bUniversal Studios, ‡c[2026] | |
| 264 | 4. | ‡c©2026 | |
| 300 | . | ‡a1 videodisc (137 min.) : ‡bsound, color ; ‡c4 3/4 in. | |
| 306 | . | ‡a021700 | |
| 336 | . | ‡atwo-dimensional moving image ‡btdi ‡2rdacontent | |
| 337 | . | ‡avideo ‡bv ‡2rdamedia | |
| 338 | . | ‡avideodisc ‡bvd ‡2rdacarrier | |
| 340 | . | ‡b4 3/4 in. | |
| 340 | . | ‡gpolychrome ‡2rdacc | |
| 341 | 0 | . | ‡aauditory ‡bclosedCaptions ‡2sapdv |
| 341 | 0 | . | ‡avisual ‡daudioDescription ‡2sapdv |
| 344 | . | ‡adigital ‡2rdatr | |
| 344 | . | ‡boptical ‡2rdarm | |
| 344 | . | ‡gsurround ‡2rdacpc | |
| 344 | . | ‡gstereo ‡2rdacpc | |
| 344 | . | ‡hDolby Digital 5.1 | |
| 344 | . | ‡hDolby Digital 2.0 | |
| 344 | . | ‡isound ‡2rdasco | |
| 345 | . | ‡c2.39:1 | |
| 345 | . | ‡dwide screen ‡2rdaar | |
| 346 | . | ‡bNTSC ‡2rdabs | |
| 347 | . | ‡avideo file ‡2rdaft | |
| 347 | . | ‡bDVD video | |
| 347 | . | ‡eregion 1 ‡2rdare | |
| 380 | . | ‡aMotion pictures ‡2lcgft | |
| 538 | . | ‡aDVD; NTSC, region 1; wide screen (2.39:1); Dolby Digital 5.1, Dolby Digital 2.0 (described video). | |
| 546 | . | ‡aEnglish or Spanish dialogue; Spanish subtitles; English subtitles for the deaf and hard of hearing (SDH)p English described video. | |
| 532 | 1 | . | ‡aEnglish subtitles for the deaf and hard of hearing (SDH) |
| 532 | 1 | . | ‡aEnglish described video |
| 588 | 0 | . | ‡aTitle from container; credits from end credit frames. |
| 511 | 1 | . | ‡aAriana Grande-Butera, Cynthia Erivo, Jonathan Bailey, Ethan Slater, Bowen Yang, Marissa Bode, Colman Domingo, Michelle Yeoh, Jeff Goldblum. |
| 508 | . | ‡aDirector of photography, Alice Brooks ; production designer, Nathan Crowley ; editor, Myron Kerstein ; costume designer, Paul Tazewell ; choreographer, Christopher Scott ; music and lyrics by Stephen Schwartz ; score by John Powell & Stephen Schwartz. | |
| 500 | . | ‡a"Based on the musical stage play with music and lyrics by Stephen Schwartz and book by Winnie Holzman from the novel by Gregory Maguire"--Credits. | |
| 500 | . | ‡aThe second of a two-part film adaptation of the stage musical. | |
| 500 | . | ‡aOriginally released as a motion picture in 2025. | |
| 500 | . | ‡aWide screen (2.39:1). | |
| 521 | 8 | . | ‡aMPA rating: PG; for action/violence, some suggestive material and thematic material. |
| 520 | . | ‡a"Elphaba and Glinda are now estranged, each living with the consequences of their choices. Elphaba, now demonized as The Wicked Witch of the West, lives in exile, continuing her fight to expose The Wizard. Meanwhile, Glinda has become a glamorous symbol of Goodness, basking in the perks of fame and popularity. As the angry citizens of Oz rise up against the Wicked Witch, Glinda and Elphaba must reunite and truly see each other--if they are to change themselves, and all of Oz."-- ‡cContainer. | |
| 500 | . | ‡aBonus features: deleted scenes; The True Wizard; Kiamo Ko; feature commentary with director Jon M. Chu. | |
| 600 | 1 | 0. | ‡aThropp, Elphaba ‡c(Fictitious character) ‡vDrama. |
| 600 | 0 | 0. | ‡aWicked Witch of the West ‡c(Fictitious character) ‡vDrama. |
| 650 | 0. | ‡aOz (Imaginary place) ‡vDrama. ‡0(LARL_NWRL_CONSORTIUM)173878 | |
| 650 | 0. | ‡aMagic ‡vDrama. | |
| 650 | 0. | ‡aWitches ‡vDrama. | |
| 650 | 0. | ‡aFriendship ‡vDrama. ‡0(LARL_NWRL_CONSORTIUM)172253 | |
| 655 | 7. | ‡aMusical films. ‡2lcgft ‡0(LARL_NWRL_CONSORTIUM)175635 | |
| 655 | 7. | ‡aFantasy films. ‡2lcgft ‡0(LARL_NWRL_CONSORTIUM)175666 | |
| 655 | 7. | ‡aFilm adaptations. ‡2lcgft ‡0(LARL_NWRL_CONSORTIUM)175712 | |
| 655 | 7. | ‡aFeature films. ‡2lcgft ‡0(LARL_NWRL_CONSORTIUM)175625 | |
| 655 | 7. | ‡aFiction films. ‡2lcgft ‡0(LARL_NWRL_CONSORTIUM)175626 | |
| 655 | 7. | ‡aVideo recordings for the hearing impaired. ‡2lcgft ‡0(LARL_NWRL_CONSORTIUM)175744 | |
| 655 | 7. | ‡aVideo recordings for people with visual disabilities. ‡2lcgft ‡0(LARL_NWRL_CONSORTIUM)175745 | |
| 700 | 1 | . | ‡aChu, Jon M. ‡q(Jon Murray), ‡d1979- ‡efilm director. ‡1https://id.oclc.org/worldcat/entity/E39PBJfmtjcpVfGm7hWgyM3PcP |
| 700 | 1 | . | ‡aHolzman, Winnie, ‡escreenwriter. ‡1https://id.oclc.org/worldcat/entity/E39PBJjt9yB3CVjgbYWvVYrH4q ‡0(LARL_NWRL_CONSORTIUM)91986 |
| 700 | 1 | . | ‡aFox, Dana, ‡escreenwriter. ‡1https://id.oclc.org/worldcat/entity/E39PBJqk9F6JRcVRHYvBhxBtrq ‡0(LARL_NWRL_CONSORTIUM)212424 |
| 700 | 1 | . | ‡aPlatt, Marc, ‡d1957- ‡efilm producer. ‡1https://id.oclc.org/worldcat/entity/E39PBJp9wVpGXGTkQQMkQb4THC ‡0(LARL_NWRL_CONSORTIUM)210488 |
| 700 | 1 | . | ‡aStone, David, ‡d1966- ‡efilm producer. |
| 700 | 1 | . | ‡aGrande, Ariana, ‡eactor. ‡1https://id.oclc.org/worldcat/entity/E39PBJyt4Jm8JgggJFkBrTxxDq |
| 700 | 1 | . | ‡aErivo, Cynthia, ‡d1987- ‡eactor. ‡1https://id.oclc.org/worldcat/entity/E39PBJwX9drkftXQ4GDPRDxFKd |
| 700 | 1 | . | ‡aBailey, Jonathan, ‡d1988- ‡eactor. ‡1https://id.oclc.org/worldcat/entity/E39PBJgCHjFKvCjX8kjktxXjmd |
| 700 | 1 | . | ‡aSlater, Ethan, ‡d1992- ‡eactor. ‡1https://id.oclc.org/worldcat/entity/E39PBJppCTH7YMQwbhKTMW83cP |
| 700 | 1 | . | ‡aYang, Bowen, ‡d1990- ‡eactor. |
| 700 | 1 | . | ‡aBode, Marissa, ‡d2000- ‡eactor. |
| 700 | 1 | . | ‡aDomingo, Colman, ‡evoice actor. ‡1https://id.oclc.org/worldcat/entity/E39PBJmXMdkbyYKkcdJR7RTWDq |
| 700 | 1 | . | ‡aYeoh, Michelle, ‡d1962- ‡eactor. ‡1https://id.oclc.org/worldcat/entity/E39PBJfRHqgkhx39q49c8PTyh3 |
| 700 | 1 | . | ‡aGoldblum, Jeff, ‡d1952- ‡eactor. ‡1https://id.oclc.org/worldcat/entity/E39PBJpdR4JfbdWXQCJYYP7j4q ‡0(LARL_NWRL_CONSORTIUM)138485 |
| 700 | 1 | . | ‡aBrooks, Alice, ‡d1979- ‡edirector of photography. ‡1https://id.oclc.org/worldcat/entity/E39PCjGHPK3kYqkMRxxB4f9XYd |
| 700 | 1 | . | ‡aCrowley, Nathan, ‡eproduction designer. ‡1https://id.oclc.org/worldcat/entity/E39PBJwCYYmG7Q6J6X3mTjMdcP ‡0(LARL_NWRL_CONSORTIUM)148790 |
| 700 | 1 | . | ‡aKerstein, Myron, ‡eeditor of moving image work. ‡1https://id.oclc.org/worldcat/entity/E39PCjG89RfDJQmrvyTT7PBmwK |
| 700 | 1 | . | ‡aTazewell, Paul, ‡ecostume designer. ‡1https://id.oclc.org/worldcat/entity/E39PCjKWg4KWVB3xRhQgB8mVBX |
| 700 | 1 | . | ‡aScott, Christopher, ‡d1983- ‡echoreographer. ‡1https://id.oclc.org/worldcat/entity/E39PCjHFfDcWg9yfXCKwqmHhwP |
| 700 | 1 | . | ‡aSchwartz, Stephen, ‡ecomposer (expression), ‡elyricist. ‡1https://id.oclc.org/worldcat/entity/E39PBJyxmMcYXDVPG6mYXTdJDq ‡0(LARL_NWRL_CONSORTIUM)154016 |
| 700 | 1 | . | ‡aPowell, John, ‡d1963- ‡ecomposer (expression) ‡1https://id.oclc.org/worldcat/entity/E39PBJv8FkbKbPFPQT9JTrMVmd ‡0(LARL_NWRL_CONSORTIUM)215430 |
| 700 | 1 | . | ‡iMotion picture adaptation of (work): ‡aSchwartz, Stephen. ‡tWicked. ‡0(LARL_NWRL_CONSORTIUM)207868 |
| 700 | 1 | . | ‡iMotion picture adaptation of (work): ‡aMaguire, Gregory. ‡tWicked. |
| 710 | 2 | . | ‡aUniversal Pictures (Firm), ‡epresenter, ‡epublisher. ‡1https://id.oclc.org/worldcat/entity/E39QQPVp7VddcRDKg4xV4TCY7R ‡0(LARL_NWRL_CONSORTIUM)76903 |
| 710 | 2 | . | ‡aMarc Platt Productions (Firm), ‡eproduction company. ‡0(LARL_NWRL_CONSORTIUM)215191 |
| 730 | 0 | 2. | ‡iSequel to (work) : ‡aWicked (Motion picture) |
| 730 | 0 | 2. | ‡iContainer of (work): ‡aWicked, for good (Motion picture) |
| 730 | 0 | 2. | ‡iContainer of (expression): ‡aWicked, for good (Motion picture). ‡lSpanish. |
| 901 | . | ‡a477999 ‡bOCoLC ‡c477999 ‡tbiblio ‡soclc | |

Add to basket
Permalink
Disable Highlighting